000 00773 a2200181 4500
005 2012011206336.0
008 120112t xxu||||| |||| 00| 0 eng d
080 _a292(5-13)
_bIND R
100 _aIndira, Goswami., ed.
_eed.by
_918818
245 _aRavana
_bmyths, legends and lore
_ced.by India Goswami and Manjeet Baruah
300 _a114p.
653 _aRavana-hindu mythology
_aHindu legends
_aRavana - in literature
_aFolklore-India and Srilanka
700 _aBaruah, Manjeet
_918817
942 _cREF
260 _aNew Delhi
_bB.R. publishing; south-east asia research institute
_c2009
_918819
020 _a9788176466455
952 _w2011-02-18
_p00065402
_v0.00
_r2011-02-18
_40
_e65
_00
_bUL
_10
_o292(5-13) IND R
_d2011-02-18
_71
_cREF
_2udc
_g0.00
_yREF
_aUL
999 _c71738
_d71737